000 00306nam a2200121 a 4500
008 101208s1969|||| d
100 1 _aIzakovičová, M.-Križanová, E.
245 1 0 _aSlovenské hrady a kaštiele
260 _bŠport
_aBratislava
_c1969
020 _c30
041 _aslo
044 _axo
_cSK
999 _c13899
_d13899